| 000 | 00000nam 2200000za 4500 |
| 001 | 9.800465 |
| 003 | CaOODSP |
| 005 | 20250506145325 |
| 007 | cr ||||||||||| |
| 008 | 150420s1980 xxcao |s f000 0 eng d |
| 040 | |aCaOODSP|beng |
| 043 | |an-cn--- |
| 086 | |aA63-1658/1980E-PDF |
| 100 | 1 |aProudfoot, F. G. |d1921- |
| 245 | 10|aTurkey broiler production |h[electronic resource] /|cF.G. Proudfoot and H.W. Hulan, S.F. Allaby. |
| 250 | |aRev. |
| 260 | |aOttawa :|bAgriculture Canada,|c1980. |
| 300 | |a43 p. :|bill. |
| 500 | |aOriginally published: 1978. |
| 500 | |aHistorical publication digitized by Agriculture and Agri-Food Canada. |
| 500 | |aIssued also in French under title: Production du dindon à griller. |
| 504 | |aBibliographical references: p.40-42. |
| 692 | 07|2gccst|aAgriculture |
| 692 | 07|2gccst|aPoultry |
| 700 | 1 |aHulan, H. W. (Howard Winston) |
| 700 | 1 |aAllaby, S. F. |
| 710 | 1 |aCanada.|bAgriculture Canada. |
| 775 | 08|tProduction du dindon à griller |w(CaOODSP)9.800471 |
| 856 | 40|qPDF|s3.55 MB|uhttps://publications.gc.ca/collections/collection_2015/aac-aafc/A63-1658-1980-eng.pdf |
| 986 | |aPublication 1658 |